Teoría y praxis: estudios de filosofía social /

Gespeichert in:
Bibliographische Detailangaben
1. Verfasser: Habermas, Jürgen
Weitere Verfasser: Mas Torres, Salvador tr Moya Espí, Carlos tr
Format: Text
Veröffentlicht: Madrid: Tecnos
Ausgabe:4
Tags: Tag hinzufügen
Keine Tags, Fügen Sie den ersten Tag hinzu!

MARC

LEADER 00000 a a2200000 04500
001 31289
003
040 |a CRAI/IIS  |c CRAI/IIS 
020 |a 84-309-1423-4  
090 |a 197902  
100 |a Habermas, Jürgen  
245 |a Teoría y praxis: estudios de filosofía social /  |c Jürgen Habermas 
250 |a 4  
260 |a Madrid:   |b Tecnos  
300 |a 439 p.  
500 |a Título original: Theorie und Praxis  
700 |a Mas Torres, Salvador   |a tr   |a Moya Espí, Carlos   |a tr  
999 |c 3836  |d 3836